Foglie umane

Guardat en:
Dades bibliogràfiques
Autor principal: Clam
Format: Llibre
Idioma:idioma desconegut
Publicat: Forlì Zoe 2000
Etiquetes: Afegir etiqueta
Sense etiquetes, Sigues el primer a etiquetar aquest registre!

MARC

LEADER 00000nam a2200000Ia 4500
001 243
003 NUMERAZIONE-ORIGINALE-BRESCIA
005 20260206230750.0
008 260206s9999 xx 000 0 und d
100 |a Clam 
245 0 |a Foglie umane 
260 |a Forlì 
260 |b Zoe 
260 |c 2000 
942 |2 ddc  |c BK  |n 0 
952 |0 0  |1 0  |2 ddc  |4 0  |6 11  |7 0  |9 28443  |a BS  |b BS  |d 2026-02-06  |i 243  |l 0  |o 1-1-*  |r 2026-02-06 22:40:35  |w 2026-02-06  |x [REVISIONARE]  |y BK 
999 |c 24124  |d 24124